Basic New Testament evangelism. (Record no. 11033)

000 -LEADER
fixed length control field 00540nam a2200181 a 4500
001 - CONTROL NUMBER
control field :::00008826$&:&@@
003 - CONTROL NUMBER IDENTIFIER
control field OkBaRHE
005 - DATE AND TIME OF LATEST TRANSACTION
control field 20000607103346.0
008 - FIXED-LENGTH DATA ELEMENTS--GENERAL INFORMATION
fixed length control field s1949 j 000 0 eng u
040 ## - CATALOGING SOURCE
Transcribing agency
100 1# - MAIN ENTRY--PERSONAL NAME
Personal name Whitesell, Faris Daniel.
245 10 - TITLE STATEMENT
Title Basic New Testament evangelism.
260 ## - PUBLICATION, DISTRIBUTION, ETC. (IMPRINT)
Place of publication, distribution, etc Grand Rapids, MI., :
Name of publisher, distributor, etc Zondervan Publishing House
Date of publication, distribution, etc 1949
300 ## - PHYSICAL DESCRIPTION
Extent 193 p.
650 ## - SUBJECT ADDED ENTRY--TOPICAL TERM
Topical term or geographic name as entry element Evangelism
942 ## - ADDED ENTRY ELEMENTS (KOHA)
Source of classification or shelving scheme
Koha item type Books
Copies
Barcode Koha item type Source of classification or shelving scheme Lost status Full call number Not for loan Copy number Shelving location Permanent Location Date acquired Price effective from Damaged status Withdrawn status Date last seen
8826Books  BV 3795 .W5 1General StacksRHEMA Bible Training College2010-04-142010-04-14  2010-04-14